Les pays anglophones. - Statistiques

Statistiques générales
  • Ce quiz a été pris 572 fois
  • Le résultat moyen est 33 sur 56
Statistiques - réponses
Continent Pays anglophones % Correct
Amérique Etats-Unis
96%
Europe Royaume-Uni
96%
Océanie Australie
95%
Amérique Canada
94%
Afrique Afrique du Sud
90%
Océanie Nouvelle-Zelande
89%
Europe Irlande
88%
Asie Inde
76%
Afrique Nigeria
69%
Afrique Kenya
67%
Océanie Fidji
65%
Afrique Zimbabwe
64%
Amérique Jamaïque
63%
Amérique Bahamas
62%
Afrique Zambie
61%
Amérique Barbade
60%
Afrique Ghana
59%
Afrique Namibie
59%
Océanie Tonga
59%
Océanie Vanuatu
59%
Afrique Botswana
58%
Afrique Lesotho
58%
Afrique Soudan
58%
Océanie Samoa
57%
Océanie Tuvalu
56%
Amérique Antigua-et-Barbuda
55%
Europe Malte
55%
Asie Singapour
55%
Amérique Belize
54%
Océanie Nauru
53%
Afrique Liberia
52%
Afrique Ouganda
52%
Océanie Papouasie-Nouvelle-Guinée
52%
Amérique Grenade
51%
Océanie Kiribati
51%
Océanie Marshall (Iles)
51%
Asie Pakistan
51%
Afrique Soudan du Sud
51%
Océanie Micronesie
50%
Amérique Saint-Christophe-et-Niévés
50%
Amérique Sainte-Lucie
50%
Afrique Rwanda
49%
Amérique Guyana
48%
Afrique Malawi
48%
Océanie Salomon
48%
Afrique Sierra Leone
48%
Afrique Gambie
47%
Amérique Saint-Vincent-et-les-Grenadines
47%
Amérique Trinité-et-Tobago
47%
Amérique Dominique
46%
Océanie Palaos
46%
Afrique Seychelles
46%
Afrique Cameroun
43%
Afrique Swaziland
39%
Afrique Erythrée
38%
Asie Philippines
35%
Aucun quiz correspondant
Distribution des résultats
% des personnes avec chaque résultat
Percentile par nombre de réponses
Votre historique - résultats
Vous n’avez pas pris ce quiz